[Event "Campobasso op 12th"]
[Site "Campobasso"]
[Date "2005.07.09"]
[Round "4"]
[White "Vanzan, Alessandro"]
[Black "Viterbo, Luca"]
[Result "0-1"]
[WhiteElo "1886"]
[BlackElo "1802"]
[PlyCount "86"]
[EventDate "2005.07.08"]
[EventType "swiss"]
[EventRounds "6"]
[EventCountry "ITA"]
[SourceTitle "EXT 2007"]
[Source "ChessBase"]
[SourceDate "2006.11.23"]
[SourceVersion "1"]
[SourceVersionDate "2006.11.23"]
[SourceQuality "1"]

1. c4 f5 2. d4 Nf6 3. Nc3 e6 4. a3 Be7 5. g3 0-0 6. Bg2 d6 7. Nf3 c6 8. 0-0 Nbd7 9. Qc2 Qc7 10. b4 Rb8 11. b5 Nb6 12. Qa2 Kh8 13. bxc6 bxc6 14. h3 Ne4 15. Nxe4 fxe4 16. Ng5 d5 17. c5 Bxg5 18. cxb6 axb6 19. Bxg5 Ba6 20. Qd2 Rbc8 21. Bf4 Qe7 22. f3 exf3 23. Rxf3 h6 24. Raf1 c5 25. Be5 Kg8 26. Rxf8+ Rxf8 27. Rxf8+ Qxf8 28. Qb2 b5 29. e4 dxe4 30. Bxe4 b4 31. dxc5 Qf1+ 32. Kh2 bxa3 33. Qa2 Bc4 34. Bg2 Qd3 35. Qa1 Qe2 36. Kh1 Qc2 37. Bxg7 a2 38. Qf6 Bd5 39. Bxd5 Qd1+ 40. Kg2 Qxd5+ 41. Kf2 Qxc5+ 42. Kf3 Qa5 43. Kg4 Qf5+ 0-1

[Event "Campobasso op 12th"]
[Site "Campobasso"]
[Date "2005.07.08"]
[Round "2"]
[White "Viterbo, Luca"]
[Black "Fezza, Davide"]
[Result "0-1"]
[WhiteElo "1801"]
[BlackElo "2062"]
[PlyCount "92"]
[EventDate "2005.07.08"]
[EventType "swiss"]
[EventRounds "6"]
[EventCountry "ITA"]
[SourceTitle "EXT 2007"]
[Source "ChessBase"]
[SourceDate "2006.11.23"]
[SourceVersion "1"]
[SourceVersionDate "2006.11.23"]
[SourceQuality "1"]

1. e4 c5 2. Nf3 e6 3. d4 cxd4 4. Nxd4 a6 5. c4 Qc7 6. Nc3 Nf6 7. a3 Nc6 8. Be3 Ne5 9. b3 Neg4 10. Bc1 Bc5 11. Be3 Qe5 12. f4 Nxe3 13. fxe5 Nxd1 14. Rxd1 Ng4 15. b4 Ba7 16. c5 Nxe5 17. Be2 b6 18. cxb6 Bxb6 19. Na4 Ba7 20. Nb3 Ke7 21. Nac5 Bxc5 22. Nxc5 d6 23. Nb3 Bd7 24. Nd4 Rhc8 25. Kd2 Nc4+ 26. Bxc4 Rxc4 27. Ke3 Rac8 28. Rd3 g6 29. Rhd1 f5 30. e5 d5 31. R1d2 Be8 32. h4 Ba4 33. Kf4 h6 34. g3 Bc2 35. Rxc2 Rxc2 36. Nxc2 Rxc2 37. Ke3 Kd7 38. Rb3 Rc4 39. a4 Re4+ 40. Kd3 Kc7 41. a5 Rxe5 42. b5 axb5 43. Rxb5 Re4 44. Rb6 g5 45. hxg5 hxg5 46. Kd2 f4 0-1